Riconosci il Pokémon - Quiz n°765 - Statistics

Statistiche generali
  • Questo quiz è stato fatto 3 volte
  • Il punteggio medio è 7 su 10
Statistiche sulle risposte
Indizio Riposta % Corretto
Tipo Acciaio / Volanta
100%
Generazione Seconda
100%
Altezza 1,7 m
67%
Tasso di cattura 25 (7.7%)
67%
Sesso 50% ♂, 50% ♀
67%
Peso 50,5 kg
67%
Tasso di allevamento Lento
67%
Stadio evoluzione Non si evolve
67%
Abilità Sguardofermo; Vigore; Sottilguscio
67%
Pokémon Skarmory
67%
Nessun quiz corrispondente trovato
Distribuzione punteggi
Percentuale di utenti per punteggio
Percentile per numero di risposta
I tuoi punteggi nel tempo
Non hai fatto questo quiz